000 00630nam a2200181 i 4500
001 89698
003 ES-MaACL
005 20230906180241.0
007 t|
008 050112s1932 xxk ||||1| eng d
100 1 _aLawrence, Ada.
_970741
245 1 0 _aYoung Lorenzo
_b: early life of D.H. Lawrence containing hitherto unpublished letters, articles and reproductions of pictures /
_cby Ada Lawrence & G. Stuart Gelder.
260 _aLondon :
_bMartin Secker,
_c1932.
300 _a218 p. :
_bil. ;
_c19 cm.
600 1 4 _aLawrence, D.H. (
_d1885-1930)
_970743
700 1 _aGelder, G. Stuart.
_956247
852 _aES-MaACL
_jA-2861
999 _c89698
_d89698